000 00836nam a2200253 i 4500
003 DO-SdBNP
005 20250305100247.0
007 ta
008 250305b19-- dr ||||| |||| 00| 0 spa d
040 _aDO-SdBNP
_bspa
_cBNPHU
_erda
082 4 _axxx
_bxxx
_222
100 _aTrullols, Ramona,
_eauto
_4aut.
_987118
245 1 0 _aEn el jardin de la palabra /
_cRamona Trullols ; edición y corrección, Clara Ornes
264 1 _aSanto Domingo :
_bEditora el Caribe,
_c19--?.
300 _a¨[72] páginas ;
_c19 cm.
336 _atexto
_btxt
_2rdacontent
337 _asin mediación
_bn
_2rdamedia
338 _avolumen
_bnc
_2rdacarrier
500 _aIncluye datos biográficos del autor en la contracubierta
590 _aInventariado, 2025/BT
700 1 _aOrnes, Clara,
_eeditor
_4ed.
_954961
910 _aBtavárez
942 _2ddc
_cLBS1
999 _c58315
_d58315